Tilastot visalle Suomen valtion virastot (laajennettu)

Klikkaa tästä pelataksesi tätä visaa!

Yleistilastot

  • Tätä visaa on pelattu 33 kertaa
  • Keskiarvotulos 73 / 184

Vastaustilastot

Vastaus% Oikein
Kansallisarkisto KA
83%
Eduskunta EK
74%
Etelä-Pohjanmaan työ- ja elinkeinotoimisto TE
70%
Etelä-Savon työ- ja elinkeinotoimisto TE
70%
Hämeen työ- ja elinkeinotoimisto TE
70%
Kaakkois-Suomen työ- ja elinkeinotoimisto TE
70%
Kainuun työ- ja elinkeinotoimisto TE
70%
Keski-Suomen työ- ja elinkeinotoimisto TE
70%
Lapin työ- ja elinkeinotoimisto TE
70%
Pirkanmaan työ- ja elinkeinotoimisto TE
70%
Pohjanmaan työ- ja elinkeinotoimisto TE
70%
Pohjois-Karjalan työ- ja elinkeinotoimisto TE
70%
Pohjois-Pohjanmaan työ- ja elinkeinotoimisto TE
70%
Pohjois-Savon työ- ja elinkeinotoimisto TE
70%
Uudenmaan työ- ja elinkeinotoimisto TE
70%
Valtiovarainministeriö VM
70%
Varsinais-Suomen työ- ja elinkeinotoimisto TE
70%
Varsinais- Suomen työ- ja elinkeinotoimisto TE
70%
Korkein oikeus KO
65%
Puolustusvoimat PV
65%
Sisäministeriö SM
65%
Ulkoministeriö UM
65%
Verohallinto
65%
Rajavartiolaitos
61%
Ålands tingsrätt
57%
Etelä-Karjalan käräjäoikeus
57%
Etelä-Pohjanmaan käräjäoikeus
57%
Etelä-Savon käräjäoikeus
57%
Helsingin käräjäoikeus
57%
Itä-Uudenmaan käräjäoikeus
57%
Kainuun käräjäoikeus
57%
Kanta-Hämeen käräjäoikeus
57%
Keski-Suomen käräjäoikeus
57%
Kymenlaakson käräjäoikeus
57%
Länsi-Uudenmaan käräjäoikeus
57%
Lapin käräjäoikeus
57%
Oulun käräjäoikeus
57%
Päijät-Hämeen käräjäoikeus
57%
Pirkanmaan käräjäoikeus
57%
Pohjanmaan käräjäoikeus
57%
Pohjois-Karjalan käräjäoikeus
57%
Pohjois-Savon käräjäoikeus
57%
Poliisihallitus
57%
Satakunnan käräjäoikeus
57%
Varsinais-Suomen käräjäoikeus
57%
Ympäristöministeriö YM
57%
Etelä-Suomen aluehallintovirasto AVI
52%
Itä-Suomen aluehallintovirasto AVI
52%
Länsi- ja Sisä-Suomen aluehallintovirasto AVI
52%
Lapin aluehallintovirasto AVI
52%
Liikenne- ja viestintävirasto Traficom
52%
Lounais-Suomen aluehallintovirasto AVI
52%
Maa- ja metsätalousministeriö MMM
52%
Pohjois-Suomen aluehallintovirasto AVI
52%
Ruokavirasto
52%
Suomen Akatemia SA
52%
Tulli
52%
Työ- ja elinkeinoministeriö TEM
52%
Etelä-Pohjanmaan elinkeino-, liikenne- ja ympäristökeskus ELY
48%
Etelä-Savon elinkeino-, liikenne- ja ympäristökeskus ELY
48%
Hämeen elinkeino-, liikenne- ja ympäristökeskus ELY
48%
Hämeenlinnan hallinto-oikeus
48%
Helsingin hallinto-oikeus
48%
Itä-Suomen hallinto-oikeus
48%
Kaakkois-Suomen elinkeino-, liikenne- ja ympäristökeskus ELY
48%
Kainuun elinkeino-, liikenne- ja ympäristökeskus ELY
48%
Keski-Suomen elinkeino-, liikenne- ja ympäristökeskus ELY
48%
Lapin elinkeino-, liikenne- ja ympäristökeskus ELY
48%
Luonnonvarakeskus LUKE
48%
Maanmittauslaitos MML
48%
Oikeusministeriö OM
48%
Pirkanmaan elinkeino-, liikenne- ja ympäristökeskus ELY
48%
Pohjanmaan elinkeino-, liikenne- ja ympäristökeskus ELY
48%
Pohjois-Karjalan elinkeino-, liikenne- ja ympäristökeskus ELY
48%
Pohjois-Pohjanmaan elinkeino-, liikenne- ja ympäristökeskus ELY
48%
Pohjois-Savon elinkeino-, liikenne- ja ympäristökeskus ELY
48%
Pohjois-Suomen hallinto-oikeus
48%
Satakunnan elinkeino-, liikenne- ja ympäristökeskus ELY
48%
Säteilyturvakeskus STUK
48%
Sosiaali- ja terveysministeriö STM
48%
Suojelupoliisi SUPO
48%
Tasavallan presidentin kanslia TPK
48%
Turun hallinto-oikeus
48%
Uudenmaan elinkeino-, liikenne- ja ympäristökeskus ELY
48%
Vaasan hallinto-oikeus
48%
Varsinais-Suomen elinkeino-, liikenne- ja ympäristökeskus ELY
48%
Väylävirasto
48%
Ilmatieteen laitos IL
43%
Liikenne- ja viestintäministeriö LVM
43%
Maahanmuuttovirasto Migri
43%
Opetushallitus OPH
43%
Opetushallitus - Ulkomaan lehtorit
43%
Puolustusministeriö PLM
43%
Tasa-arvovaltuutetun toimisto
43%
Terveyden ja hyvinvoinnin laitos THL
43%
Digi- ja väestötietovirasto DVV
39%
Hämeen poliisilaitos
39%
Helsingin hovioikeus
39%
Helsingin poliisilaitos
39%
Itä-Suomen hovioikeus
39%
Itä-Suomen poliisilaitos
39%
Itä-Uudenmaan poliisilaitos
39%
Kaakkois-Suomen poliisilaitos
39%
Korkein hallinto--oikeus KHO
39%
Länsi-Uudenmaan poliisilaitos
39%
Lapin poliisilaitos
39%
Lounais-Suomen poliisilaitos
39%
Opetus- ja kulttuuriministeriö OKM
39%
Oulun poliisilaitos
39%
Pohjanmaan poliisilaitos
39%
Rovaniemen hovioikeus
39%
Sisä-Suomen poliisilaitos
39%
Turun hovioikeus
39%
Turvallisuus- ja kemikaalivirasto TUKES
39%
Vaasan hovioikeus
39%
Valtioneuvoston kanslia VNK
39%
Valtiontalouden tarkastusvirasto VTV
39%
Lapsiasiavaltuutetun toimisto
35%
Museovirasto MV
35%
Suomen ympäristökeskus SYKE
35%
Tuomioistuinvirasto
35%
Eduskunnan oikeusasiamiehen kanslia EOAK
30%
Keskusrikospoliisi KRP
30%
Pelastusopisto
30%
Rikosseuraamuslaitos RISE
30%
Sosiaali- ja terveysalan lupa- ja valvontavirasto Valvira
30%
Helsingin eurooppalainen koulu
26%
Innovaatiorahoituskeskus Business Finland
26%
Lääkealan turvallisuus- ja kehittämiskeskus FIMEA
26%
Patentti- ja rekisterihallitus PRH
26%
Poliisiammattikorkeakoulu POLAMK
26%
Työtuomioistuin
26%
Valteri-koulu
26%
Valtiokonttori
26%
Ahvenanmaan valtionvirasto
22%
Energiavirasto
22%
Oikeusrekisterikeskus ORK
22%
Rahoitusvakausvirasto RVV
22%
Tietosuojavaltuutetun toimisto
22%
Tilastokeskus
22%
Ulkoministeriön edustustot
22%
Ulosottolaitos
22%
Valtion tieto- ja viestintätekniikkakeskus Valtori
22%
Asumisen rahoitus- ja kehittämiskeskus ARA
17%
ELY-keskusten ja TE-toimistojen kehittämis- ja hallintokeskus KEHA
17%
Geologian tutkimuskeskus GTK
17%
Markkinaoikeus
17%
Oikeuskanslerinvirasto
17%
Sosiaaliturva-asioiden muutoksenhakulautakunta SAMU
17%
Suomalais-venäläinen koulu
17%
Syyttäjälaitos
17%
Ulkopoliittinen instituutti UPI
17%
Valtion talous- ja henkilöstöhallinnon palvelukeskus Palkeet
17%
Yhdenvertaisuusvaltuutetun toimisto YVV
17%
Eurooppa-koulut
13%
Hätäkeskuslaitos
13%
Helsingin ranskalais-suomalainen koulu
13%
Kilpailu- ja kuluttajavirasto KKV
13%
Kotimaisten kielten keskus Kotus
13%
Niuvanniemen sairaala
13%
Onnettomuustutkintakeskus OTKES
13%
Suomenlinnan hoitokunta
13%
Taiteen edistämiskeskus TAIKE
13%
Vakuutusoikeus
13%
Valtion koulukodit
13%
Valtion taloudellinen tutkimuskeskus VATT
13%
Etelä-Suomen oikeus- ja edunvalvontapiiri
9%
Itä-Suomen oikeus- ja edunvalvontapiiri
9%
Kaakkois-Suomen oikeus- ja edunvalvontapiiri
9%
Kansallinen audiovisuaalinen instituutti KAVI
9%
Kriisinhallintakeskus CMC Finland
9%
Kriminaalipolitiikan instituutti HEUNI
9%
Kuluttajariitalautakunta
9%
Länsi- ja Sisä-Suomen oikeus- ja edunvalvontapiiri
9%
Lounais-Suomen oikeus- ja edunvalvontapiiri
9%
Pohjois-Suomen oikeus- ja edunvalvontapiiri
9%
Saamelaisalueen koulutuskeskus
9%
Saavutettavuuskirjasto Celia
9%
Vanhan Vaasan sairaala
9%
Vankiterveydenhuollon yksikkö VTH
9%
Varastokirjasto
9%
Konkurssiasiamiehen toimisto
4%
Merenkulun turvallisuuskoulutuskeskus Meriturva
4%
Opintotuen muutoksenhakulautakunta
4%

Tulosjakauma

Persentiili vastausten määrän mukaan

Jokaisen tuloksen saaneiden osuus

Tuloshistoriasi

Et ole pelannut tätä visaa